000
00369nam a22001457a 4500
008
230227b |||||||| |||| 00| 0 eng d
020
_a
978-1-4722-2382-1
082
_a
813.54
100
_a
Maggie O'Farrell
245
_a
Hamnet
_c
Maggie O'Farrell
260
_b
Tinder Press
_c
2020
300
_a
372 p.
_c
20 cm
942
_2
ddc
999
_c
9328
_d
9329